000 00986nam a2200277Ia 4500
003 IN-BaIIA
008 211028s9999 xx s 000 0 eng d
020 _a978-3-540-44386-5 (Print)
020 _a978-3-540-45881-4 (Online)
022 _a0075-8450 (Print)
022 _a1616-6361 (Online)
040 _cIIA Library
100 _aRistig, Manfred L., ed.
245 0 _aParticle Scattering, X-Ray Diffraction, and Microstructure of Solids and Liquids
_h[eBook]
260 _aHeidelberg, Berlin
_bSpringer Berlin Heidelberg
_c2003
300 _aOnline resource
490 _aLecture Notes in Physics
650 _a Condensed Matter Physics
_911089
650 _a Crystallography and Scattering Methods
_938482
650 _a Numerical and Computational Physics, Simulation
650 _a Physical Chemistry
650 _aPhysics
_973
700 _aGernoth, Klaus A., ed.
_940098
856 _uhttp://doi.org/10.1007/3-540-45881-6
_yClick Here to Access eBook
942 _cEB
999 _c21679
_d21679